Los días de solidaridad (Registro nro. 300629)

Detalles MARC
000 -ENCABEZADO
Número de control [NR] 00973nam a2200241 a 4500
005 - FECHA Y HORA DE LA ÚLTIMA TRANSACCIÓN
control field 20150918162846.0
008 - DE LONGITUD FIJA DE DATOS DE ELEMENTOS - INFORMACIÓN GENERAL
Elementos de longitud fija [NR] 150918s2005 pl a gr 000 0 spa d
020 ## - NUMERO INTERNACIONAL NORMALIZADO PARA LIBROS [R]
Número Internacional Normalizado del libro [NR] 8388288571
020 ## - NUMERO INTERNACIONAL NORMALIZADO PARA LIBROS [R]
Número Internacional Normalizado del libro [NR] 9788388288579
040 ## - FUENTE DE CATALOGACION [NR]
Agencia de catalogación original [NR] CO-BoUCM
Idioma de catalogación [NR] spa
Quien Cataloga David Avila
Quien Clasifica David Avila
041 1# - CODIGO DE IDIOMA [R]
Código de idioma para texto/pista de sonido o título separado [R] Español
Language code of original and/or intermediate translations of text pol
245 04 - MENCION DE TITULO [NR]
Título [NR] Los días de solidaridad
Mención de responsabilidad, etc. [NR] [elección de textos y redacción general Katarzyna Madoń-Mitzner ; trad. al español Miguel Méndez Linares].
260 ## - PUBLICACION, DISTRIBUCION, ETC. (PIE DE IMPRENTA) [R]
Lugar de publicación, distribución, etc. [R] Varsovia (Polonia)
Nombre del editor, distribuidor, etc. [R] Fundacja Ośrodka "Karta"
Fecha de publicación, distribución, etc. [R] 2005
300 ## - DESCRIPCION FISICA [R]
Extensión [R] 104 páginas
Otros detalles físicos [NR] ilustraciones
610 ## - ASIENTO SECUNDARIO DE MATERIA - NOMBRE CORPORATIVO [R]
Nombre corporativo o nombre de la jurisdicción como elemento de entrada [NR] Solidarnosc
Subdivisión general [R] Historia
9 (RLIN) 71628
650 ## - ASIENTO SECUNDARIO DE MATERIA - TERMINO TEMATICO [R]
Término temático o nombre geográfico como elemento de entrada [NR] Movimiento obrero
Subdivisión geográfica [R] Polonia
Subdivisión general [R] Historia
Subdivisión cronológica [R] 1980-1981
9 (RLIN) 71629
651 #7 - ASIENTO SECUNDARIO DE MATERIA - NOMBRE GEOGRAFICO [R]
Nombre geográfico [NR] Polonia
Subdivisión general [R] Historia
Subdivisión cronológica [R] 1980-1981
9 (RLIN) 71630
690 ## - ASUNTO AGREGADO LOCAL DE ENTRADA - TÉRMINO TEMÁTICO (OCLC, RLIN)
9 (RLIN) 42846
Acceso temático local Historia de Europa
700 1# - ASIENTO SECUNDARIO - NOMBRE PERSONAL [R]
Nombre personal [NR] Madoń-Mitzner, Katarzyna
Término de relación [R] compilador
9 (RLIN) 71631
700 1# - ASIENTO SECUNDARIO - NOMBRE PERSONAL [R]
Nombre personal [NR] Méndez Linares, Miguel
Término de relación [R] traductor
9 (RLIN) 71632
942 ## - ELEMENTOS DE ENTRADA AGREGADOS (KOHA)
Sistema de clasificación DEWEY
Tema principal Historia
Tipo de ítem principal el descrito en 300a Libro
Edición 1
Clasificación 943.805
Parte restante de la signatura top. D541d
Existencias
Fecha de último préstamo Total préstamos Signatura topográfica Código de barras Última vez visto Ejemplar Costo de reposición Price effective from Tipo de ítem Perdido Sistema de clasificación Dañado No prestable Tipo de ítem específico Suprimido Ubicación habitual Ubicación actual Localización Fecha de creación Proveedor Forma de adquisición Costo
14/09/2018 1 943.805 D541d 100147148 09/12/2025 Ej.1 26000.00 29/07/2015 Libro   DEWEY     Libro   Claustro Claustro 2do piso 29/07/2015 12 Donación 0.00